Die 10 deutschen Städte mit der dichtesten Besiedlung - Statistiken

Allgemein
  • Dieses Quiz wurde 187 mal gespielt
  • Das Durchschnittsergebnis liegt bei 7 aus 10
Antwortstatistiken
Ew./km² Stadt % Korrekt
4.088 Berlin
95%
4.736 München
95%
3.033 Frankfurt am Main
87%
2.849 Düsseldorf
84%
3.062 Stuttgart
84%
2.772 Essen
79%
2.781 Nürnberg
70%
2.735 Oberhausen
26%
3.041 Herne
22%
2.868 Offenbach am Main
21%
Keine übereinstimmenden Quizze gefunden
Verteilung der Resultate
Anzahl Personen mit jedem Resultat
Perzentil nach korrekt beantworteten Fragen
Ihre Resultats-Entwicklung
Sie haben dieses Quiz noch nicht gespielt